-
PARASHAR, AMAN AND BISHNOI, MUKESH KUMAR
Entry Personal Name
Number of records used in: 1
001 - CONTROL NUMBER
003 - CONTROL NUMBER IDENTIFIER
005 - DATE AND TIME OF LATEST TRANSACTION
- control field:
20230725134508.0
008 - FIXED-LENGTH DATA ELEMENTS
- fixed length control field:
230725|| aca||aabn | a|a d
040 ## - CATALOGING SOURCE
- Original cataloging agency:
JRU
- Transcribing agency:
JRU
100 ## - HEADING--PERSONAL NAME
- Personal name:
PARASHAR, AMAN AND BISHNOI, MUKESH KUMAR
670 ## - SOURCE DATA FOUND
- Source citation:
Work cat.: (JRU)8332: PARASHAR, AMAN AND BISHNOI, MUKESH KUMAR, FUNDAMENTALS OF AGRONOMY AND AGRICULTURE MEREOROLOGY